<?xml version="1.0" encoding="UTF-8"?>
<marc:record xmlns:marc="http://www.loc.gov/MARC21/slim">
   <marc:leader>00000nam a2200000 a 4500</marc:leader>
   <marc:datafield ind1="1" ind2=" " tag="100">
      <marc:subfield code="a">Raab, Thomas</marc:subfield>
      <marc:subfield code="4">aut</marc:subfield>
      <marc:subfield code="e">Verfasser/-in</marc:subfield>
   </marc:datafield>
   <marc:datafield ind1="0" ind2="0" tag="245">
      <marc:subfield code="a">Helga räumt auf</marc:subfield>
   </marc:datafield>
   <marc:datafield ind1="0" ind2="0" tag="245">
      <marc:subfield code="b">Frau Huber ermittelt. Der Zweite Fall</marc:subfield>
   </marc:datafield>
   <marc:datafield ind1="0" ind2="0" tag="245">
      <marc:subfield code="c">Thomas Raab</marc:subfield>
   </marc:datafield>
   <marc:datafield ind1=" " ind2="1" tag="264">
      <marc:subfield code="a">Köln</marc:subfield>
      <marc:subfield code="b">Kipeenheuer &amp; Witsch</marc:subfield>
      <marc:subfield code="c">2020</marc:subfield>
   </marc:datafield>
   <marc:datafield ind1=" " ind2=" " tag="250">
      <marc:subfield code="a">1</marc:subfield>
   </marc:datafield>
   <marc:datafield ind1="1" ind2=" " tag="520">
      <marc:subfield code="a">Eigentlich hat sich die alte Huber von Herzen auf den Sommer gefreut. Herrlich ist das, wenn endlich wieder haufenweise Glaubenthaler in den Urlaub verschwinden! Eine paradiesische Stille legt sich über die Postkartenidylle, überall himmlische Ruhe. Bis auf den Friedhof, denn da ist plötzlich Akkordarbeit angesagt. Pünktlich zum Schulschluss braut sich etwas zusammen, werden Jauchegruben mit Planschbecken verwechselt (&#x86;) und steckt eine Leiche im Stroh. Ja, ganz richtig gelesen: Stroh. Genau genommen: im Strohballen. Die gewaltige Hitze steigt nämlich nicht nur den Rindviechern zu Kopf, sondern auch den Einheimischen. Was für die alte Huber ja durchaus dasselbe ist. Insbesondere wenn es um die Praxmosers und Grubmüllers geht. Seit zwei Generationen innig verfeindete Familien, die nun die Gunst der stillen Stunden nutzen, ihrer Zwietracht freien Lauf zu lassen. Und Hanni Huber stößt nicht nur höchstpersönlich auf weitere Leichen, sondern auch auf ein zauberhaftes Schattenwesen im Blumenkleid: Helga.</marc:subfield>
   </marc:datafield>
   <marc:datafield ind1=" " ind2=" " tag="020">
      <marc:subfield code="a">9783462053142</marc:subfield>
      <marc:subfield code="9">9783462053142</marc:subfield>
   </marc:datafield>
   <marc:datafield ind1=" " ind2=" " tag="020">
      <marc:subfield code="a">3462053140</marc:subfield>
      <marc:subfield code="9">3462053140</marc:subfield>
   </marc:datafield>
   <marc:datafield ind1=" " ind2=" " tag="300">
      <marc:subfield code="a">324 S.</marc:subfield>
   </marc:datafield>
</marc:record>
